00382pab a2200145 454500008004000000100002000040245005800060260000900118300001500127362001200142650002000154650001700174650002700191773001800218180718b2010 xxu||||| |||| 00| 0 eng d aPereira, Melvil aIndigenous peoples and the UN human rights mechanisms c2010 ap.339-355. aOct-Dec aCultural rights aHuman rights aIndigenous populations aSocial Action